<?xml version="1.0" encoding="UTF-8"?>
<record
    xmlns:xsi="http://www.w3.org/2001/XMLSchema-instance"
    xsi:schemaLocation="http://www.loc.gov/MARC21/slim http://www.loc.gov/standards/marcxml/schema/MARC21slim.xsd"
    xmlns="http://www.loc.gov/MARC21/slim">

  <leader>00341nam a22001337a 4500</leader>
  <controlfield tag="008">250916b        |||||||| |||| 00| 0 eng d</controlfield>
  <datafield tag="022" ind1=" " ind2=" ">
    <subfield code="a">00077135</subfield>
  </datafield>
  <datafield tag="041" ind1=" " ind2=" ">
    <subfield code="a">eng</subfield>
  </datafield>
  <datafield tag="245" ind1=" " ind2=" ">
    <subfield code="a"> Bloomberg Businessweek</subfield>
  </datafield>
  <datafield tag="260" ind1=" " ind2=" ">
    <subfield code="a">New York</subfield>
    <subfield code="b">Bloomberg L.P.</subfield>
    <subfield code="c">2025</subfield>
  </datafield>
  <datafield tag="300" ind1=" " ind2=" ">
    <subfield code="a">104: P.</subfield>
  </datafield>
  <datafield tag="856" ind1=" " ind2=" ">
    <subfield code="u">https://www.bloomberg.com/businessweek</subfield>
  </datafield>
  <datafield tag="942" ind1=" " ind2=" ">
    <subfield code="c">SR</subfield>
    <subfield code="s">1</subfield>
  </datafield>
  <datafield tag="999" ind1=" " ind2=" ">
    <subfield code="c">46499</subfield>
    <subfield code="d">46499</subfield>
  </datafield>
  <datafield tag="952" ind1=" " ind2=" ">
    <subfield code="0">0</subfield>
    <subfield code="1">0</subfield>
    <subfield code="2">ddc</subfield>
    <subfield code="4">0</subfield>
    <subfield code="7">0</subfield>
    <subfield code="a">IMTN</subfield>
    <subfield code="b">IMTN</subfield>
    <subfield code="d">2025-09-16</subfield>
    <subfield code="e">2025-09-16</subfield>
    <subfield code="h">Vol. 2025, No. 4835</subfield>
    <subfield code="l">0</subfield>
    <subfield code="p">P858</subfield>
    <subfield code="r">2025-09-16 00:00:00</subfield>
    <subfield code="w">2025-09-01</subfield>
    <subfield code="y">SR</subfield>
  </datafield>
  <datafield tag="952" ind1=" " ind2=" ">
    <subfield code="0">0</subfield>
    <subfield code="1">0</subfield>
    <subfield code="2">ddc</subfield>
    <subfield code="4">0</subfield>
    <subfield code="7">0</subfield>
    <subfield code="a">IMTN</subfield>
    <subfield code="b">IMTN</subfield>
    <subfield code="d">2025-11-20</subfield>
    <subfield code="h">Vol. 2025, No. 4836</subfield>
    <subfield code="l">0</subfield>
    <subfield code="p">P1026</subfield>
    <subfield code="r">2025-11-20 11:18:40</subfield>
    <subfield code="w">2025-11-20</subfield>
    <subfield code="y">SR</subfield>
  </datafield>
  <datafield tag="952" ind1=" " ind2=" ">
    <subfield code="0">0</subfield>
    <subfield code="1">0</subfield>
    <subfield code="2">ddc</subfield>
    <subfield code="4">0</subfield>
    <subfield code="7">0</subfield>
    <subfield code="a">IMTN</subfield>
    <subfield code="b">IMTN</subfield>
    <subfield code="d">2025-12-11</subfield>
    <subfield code="h">Vol. 2025, No. 4837</subfield>
    <subfield code="l">0</subfield>
    <subfield code="p">P1087</subfield>
    <subfield code="r">2025-12-11 18:04:02</subfield>
    <subfield code="w">2025-12-11</subfield>
    <subfield code="y">SR</subfield>
  </datafield>
  <datafield tag="952" ind1=" " ind2=" ">
    <subfield code="0">0</subfield>
    <subfield code="1">0</subfield>
    <subfield code="2">ddc</subfield>
    <subfield code="4">0</subfield>
    <subfield code="7">0</subfield>
    <subfield code="a">IMTN</subfield>
    <subfield code="b">IMTN</subfield>
    <subfield code="d">2025-12-26</subfield>
    <subfield code="h">Vol. 2025, No. 4838</subfield>
    <subfield code="l">0</subfield>
    <subfield code="p">P1117</subfield>
    <subfield code="r">2025-12-26 18:06:51</subfield>
    <subfield code="w">2025-12-26</subfield>
    <subfield code="y">SR</subfield>
  </datafield>
</record>
